[Event "DEM U12/U12w 2013"]
[Site "Oberhof GER"]
[Date "2013.05.20"]
[Round "4"]
[White "Liebeck, Eddie"]
[Black "Sanati, Charlotte"]
[Result "0-1"]
[Termination "normal"]
[Board "22"]
[WhiteElo "1726"]
[BlackElo "1672"]
[PlyCount "56"]
[WhiteFideId "12945854"]
[BlackFideId "12907707"]
[EventCountry "GER"]
[EventRounds "11"]
[EventType "swiss"]
[EventDate "2013.05.18"]

1. d4 d5 2. c4 c6 3. Nc3 Nf6 4. cxd5 cxd5 5. Nf3 e6 6. Bg5 Nbd7 7. a3 Be7 8. e3
O-O 9. Bd3 b6 10. O-O Bb7 11. Rc1 Rc8 12. Qd2 Ne4 13. Bxe4 dxe4 14. Bxe7 Qxe7
15. Ne1 Ba6 16. Nxe4 Bxf1 17. Kxf1 Rxc1 18. Qxc1 f5 19. Ng3 Nf6 20. h3 Qd7 21.
Qc4 Rc8 22. Qb3 g6 23. Nd3 Qc6 24. Ne5 Qc1+ 25. Ke2 Rc2+ 26. Kf3 Qd1+ 27. Ne2
Qxe2+ 28. Kf4 Nd5+ 0-1

[Event "DEM U12/U12w 2013"]
[Site "Oberhof GER"]
[Date "2013.05.20"]
[Round "4"]
[White "Wiesner, Alexander"]
[Black "Acikel, Mert"]
[Result "1/2-1/2"]
[Termination "normal"]
[Board "23"]
[WhiteElo "1658"]
[BlackElo "1727"]
[PlyCount "65"]
[WhiteFideId "12943991"]
[BlackFideId "12956465"]
[EventCountry "GER"]
[EventRounds "11"]
[EventType "swiss"]
[EventDate "2013.05.18"]

1. d4 d5 2. c4 e6 3. g3 Nf6 4. Bg2 Nbd7 5. Nf3 Be7 6. O-O c6 7. Qc2 O-O 8. Nbd2
Re8 9. e4 dxe4 10. Nxe4 Nxe4 11. Qxe4 Nf6 12. Qc2 c5 13. Rd1 Qc7 14. d5 Rd8 15.
Bf4 Bd6 16. Bg5 Be7 17. Qb3 e5 18. Be3 Bd7 19. Qc3 Bg4 20. Re1 Bxf3 21. Bxf3 h6
22. Re2 Bd6 23. Rae1 Re8 24. Bd2 Re7 25. Qc2 Qd7 26. Bc3 Rae8 27. b3 b6 28. Re3
a6 29. Be4 Nxe4 30. Qxe4 f5 31. Qc2 f4 32. gxf4 exf4 33. Rxe7 1/2-1/2

[Event "DEM U12/U12w 2013"]
[Site "Oberhof GER"]
[Date "2013.05.20"]
[Round "4"]
[White "Shoipov, Dennie"]
[Black "Müller, Elias"]
[Result "1/2-1/2"]
[Termination "normal"]
[Board "24"]
[WhiteElo "1816"]
[BlackElo "1674"]
[PlyCount "70"]
[WhiteFideId "14137755"]
[BlackFideId "12917133"]
[EventCountry "GER"]
[EventRounds "11"]
[EventType "swiss"]
[EventDate "2013.05.18"]

1. e4 c5 2. Nf3 a6 3. d4 cxd4 4. Nxd4 e5 5. Nb3 Nf6 6. Bg5 d6 7. Nc3 Be6 8. Be2
Nbd7 9. O-O Be7 10. Be3 O-O 11. Nd2 b5 12. a3 Qc7 13. Re1 Nb6 14. h3 d5 15.
Bxb6 Qxb6 16. exd5 Nxd5 17. Nxd5 Bxd5 18. Bf3 Bxf3 19. Nxf3 Rfd8 20. Qe2 f6 21.
c3 Rac8 22. Rad1 Rxd1 23. Rxd1 Rd8 24. Qc2 Rxd1+ 25. Qxd1 Qd6 26. Qb3+ Kf8 27.
Qc2 g6 28. Qe4 Qd1+ 29. Kh2 Kg7 30. h4 Qb3 31. Qe2 Qe6 32. Nd2 f5 33. g3 g5 34.
hxg5 Bxg5 35. Nf3 Bf6 1/2-1/2

[Event "DEM U12/U12w 2013"]
[Site "Oberhof GER"]
[Date "2013.05.20"]
[Round "4"]
[White "Mantel, Ruben"]
[Black "Wurst, Maximilian"]
[Result "1-0"]
[Termination "normal"]
[Board "25"]
[WhiteElo "1667"]
[BlackElo "1332"]
[PlyCount "63"]
[WhiteFideId "12930121"]
[BlackFideId "12971812"]
[EventCountry "GER"]
[EventRounds "11"]
[EventType "swiss"]
[EventDate "2013.05.18"]

1. e4 e5 2. Bc4 Bc5 3. Nc3 Nf6 4. d3 d6 5. Be3 Bb6 6. Nge2 O-O 7. O-O Nc6 8.
Bxb6 axb6 9. f4 Bg4 10. h3 Bh5 11. g4 Nxg4 12. hxg4 Bxg4 13. Qe1 exf4 14. Rxf4
Ne5 15. Qg3 Qg5 16. Bb3 Kh8 17. d4 h5 18. dxe5 dxe5 19. Rf2 f6 20. Rh2 f5 21.
exf5 Rxf5 22. Be6 Rf3 23. Qxg4 Qe3+ 24. Kh1 Rf6 25. Rg1 g6 26. Rxh5+ Kg7 27.
Nd5 Qf3+ 28. Qxf3 Rxf3 29. Rhg5 Rxa2 30. Rxg6+ Kh7 31. Bg8+ Kh8 32. Rh6# 1-0

[Event "DEM U12/U12w 2013"]
[Site "Oberhof GER"]
[Date "2013.05.20"]
[Round "4"]
[White "Fesselier, Chelsea"]
[Black "Alekhanov, Jannis"]
[Result "0-1"]
[Termination "normal"]
[Board "26"]
[WhiteElo "1416"]
[BlackElo "1675"]
[PlyCount "80"]
[WhiteFideId "26024624"]
[BlackFideId "12921238"]
[EventCountry "GER"]
[EventRounds "11"]
[EventType "swiss"]
[EventDate "2013.05.18"]

1. e4 c5 2. Nf3 d6 3. d4 cxd4 4. Nxd4 Nf6 5. Nc3 a6 6. Be2 e6 7. Be3 Nbd7 8.
O-O Qc7 9. f4 b5 10. Qe1 Bb7 11. Bd3 Be7 12. a3 Nc5 13. Rc1 Ncxe4 14. Nxe4 Nxe4
15. Bxe4 Bxe4 16. Bd2 Qb7 17. Qg3 O-O 18. Bc3 Bg6 19. f5 exf5 20. Nxf5 f6 21.
Nxd6 Qb6+ 22. Kh1 Bxd6 23. Qf3 Kh8 24. Rfe1 Rae8 25. Rxe8 Rxe8 26. Rf1 Be5 27.
Bxe5 Rxe5 28. Qa8+ Re8 29. Qf3 Bxc2 30. Qc3 Bg6 31. Rc1 Qe3 32. Qxe3 Rxe3 33.
Rc8+ Re8 34. Rc1 h6 35. h3 Re2 36. b4 Be4 37. Rg1 Ra2 38. Re1 Bxg2+ 39. Kg1
Bxh3 40. Re3 Bf5 0-1

[Event "DEM U12/U12w 2013"]
[Site "Oberhof GER"]
[Date "2013.05.20"]
[Round "4"]
[White "Reimers, Kim"]
[Black "Steffens, Oliver"]
[Result "1-0"]
[Termination "normal"]
[Board "27"]
[WhiteElo "1603"]
[BlackElo "1432"]
[PlyCount "45"]
[WhiteFideId "12930377"]
[BlackFideId "12947148"]
[EventCountry "GER"]
[EventRounds "11"]
[EventType "swiss"]
[EventDate "2013.05.18"]

1. e4 c5 2. d4 cxd4 3. c3 Nf6 4. e5 Nd5 5. cxd4 Nc6 6. Bc4 Nb6 7. Bb3 e6 8. Nf3
d6 9. O-O Be7 10. Nc3 O-O 11. Qe2 d5 12. a3 Bd7 13. Qd3 Re8 14. Bc2 g6 15. Qe3
Bf8 16. Ng5 h6 17. Nh3 Qh4 18. Ne2 Nc4 19. Qd3 Ne7 20. Nef4 Bb5 21. Qb3 Bc6 22.
g3 Na5 23. Qf3 1-0

[Event "DEM U12/U12w 2013"]
[Site "Oberhof GER"]
[Date "2013.05.20"]
[Round "4"]
[White "Riegel, Arinna"]
[Black "Schnabel, Bennett"]
[Result "0-1"]
[Termination "normal"]
[Board "28"]
[WhiteElo "1306"]
[BlackElo "1708"]
[PlyCount "158"]
[WhiteFideId "12931446"]
[BlackFideId "12943290"]
[EventCountry "GER"]
[EventRounds "11"]
[EventType "swiss"]
[EventDate "2013.05.18"]

1. e4 c5 2. Nf3 Nc6 3. d4 cxd4 4. Nxd4 g6 5. c4 Bg7 6. Be3 d6 7. Nc3 Nf6 8. Be2
O-O 9. O-O Bd7 10. Qd2 Ng4 11. Bxg4 Bxg4 12. f3 Bd7 13. Rad1 a6 14. a3 Rc8 15.
b3 Na5 16. Rb1 Nc6 17. Rfd1 Rb8 18. Qc2 f5 19. Qd2 Ne5 20. exf5 Bxf5 21. Nxf5
Rxf5 22. Ne4 Kh8 23. Qe2 Qg8 24. Ng3 Rff8 25. Ne4 Rbd8 26. Nf2 d5 27. cxd5 Rxd5
28. Rxd5 Qxd5 29. Qd2 Qxd2 30. Bxd2 Rd8 31. Bb4 Nc6 32. Bc5 Bd4 33. Bxd4+ Rxd4
34. Rd1 Rxd1+ 35. Nxd1 Nd4 36. Nc3 Nxb3 37. Nd5 e5 38. Ne3 Na5 39. Kf2 Kg7 40.
Ke2 Kf7 41. Kd3 Ke6 42. Kc3 Kd6 43. Ng4 Ke6 44. Nf2 b6 45. Ne4 h6 46. g4 Nc6
47. Kd3 Nd4 48. Nd2 Kd5 49. Kc3 b5 50. Kd3 a5 51. Kc3 g5 52. Kb2 b4 53. axb4
axb4 54. Kc1 Kc6 55. Kb2 Kd5 56. Kc1 Ne2+ 57. Kd1 Nc3+ 58. Kc2 Kd4 59. Nb3+ Ke3
60. Nd2 Ne2 61. Nc4+ Kf4 62. Nd2 Nd4+ 63. Kb2 Nxf3 64. Nxf3 Kxf3 65. h3 e4 66.
Kb3 e3 67. Kxb4 e2 68. Kc4 e1=Q 69. Kd4 Qe4+ 70. Kc5 Qd3 71. Kc6 Qd4 72. Kb5
Qc3 73. Kb6 Qc4 74. Kb7 Qc5 75. Kb8 Qe7 76. Kc8 Ke4 77. Kb8 Kd5 78. Kc8 Kc6 79.
Kb8 Qb7# 0-1

[Event "DEM U12/U12w 2013"]
[Site "Oberhof GER"]
[Date "2013.05.20"]
[Round "4"]
[White "Rosenhain, Rachela"]
[Black "Wolf, Pablo"]
[Result "1-0"]
[Termination "normal"]
[Board "29"]
[WhiteElo "1335"]
[BlackElo "1506"]
[PlyCount "79"]
[WhiteFideId "12957615"]
[BlackFideId "12943894"]
[EventCountry "GER"]
[EventRounds "11"]
[EventType "swiss"]
[EventDate "2013.05.18"]

1. e4 c5 2. Nf3 d6 3. d4 cxd4 4. Qxd4 Nf6 5. Bg5 Nc6 6. Bb5 e5 7. Qd3 Bd7 8.
Nc3 h6 9. Bh4 g5 10. Bg3 Qc7 11. O-O-O O-O-O 12. Qe2 Kb8 13. Rd2 Rc8 14. Kb1
Na5 15. Bxd7 Qxd7 16. Rhd1 Qc6 17. Rd3 Ka8 18. Nd2 Qc7 19. Qf3 Ne8 20. Nb3 Nxb3
21. cxb3 Ng7 22. Qf6 Rg8 23. Rf3 g4 24. Qxf7 gxf3 25. Qxg8 fxg2 26. Qd5 Nh5 27.
Qd2 Qg7 28. Rg1 Kb8 29. Rxg2 Qh7 30. Rg1 Nf6 31. f3 Nd7 32. Nb5 Qg6 33. Bf2 Qf6
34. Bxa7+ Ka8 35. Qa5 Rc6 36. Bb6+ Kb8 37. Bc7+ Rxc7 38. Qxc7+ Ka8 39. Qxd7 Kb8
40. Qc7+ 1-0

[Event "DEM U12/U12w 2013"]
[Site "Oberhof GER"]
[Date "2013.05.20"]
[Round "4"]
[White "Simon, Tim"]
[Black "von Jan, Lena"]
[Result "1-0"]
[Termination "normal"]
[Board "30"]
[WhiteElo "1640"]
[BlackElo "1285"]
[PlyCount "149"]
[WhiteFideId "12971740"]
[BlackFideId "12946060"]
[EventCountry "GER"]
[EventRounds "11"]
[EventType "swiss"]
[EventDate "2013.05.18"]

1. e4 e5 2. Nf3 Nc6 3. d4 exd4 4. Nxd4 Bc5 5. Be3 Qf6 6. c3 Nge7 7. g3 d5 8.
Bg2 Nxd4 9. cxd4 Bb4+ 10. Nc3 Qe6 11. e5 Qc6 12. Rc1 Be6 13. O-O Qd7 14. Qb3
Bxc3 15. Rxc3 b6 16. Rfc1 Rc8 17. Qc2 c6 18. Bg5 Bf5 19. Qd2 Ng6 20. b4 O-O 21.
h4 Bg4 22. Bf3 Bxf3 23. Rxf3 Qg4 24. Qe2 h6 25. Bd2 Nxh4 26. Re3 Qxe2 27. Rxe2
Nf3+ 28. Kg2 Nxd4 29. Re3 Rfe8 30. f4 Nf5 31. Ra3 Re7 32. Rd3 Rec7 33. Kf3 Ne7
34. Be3 c5 35. Rdc3 d4 36. Bxd4 Nd5 37. bxc5 Nxc3 38. Rxc3 bxc5 39. Be3 c4 40.
Ke4 Rd8 41. Bd4 Re8 42. Kd5 Rd8+ 43. Ke4 Re8 44. Kd5 Rd7+ 45. Ke4 f6 46. Rxc4
fxe5 47. fxe5 Rb7 48. Ra4 Rbe7 49. Ra6 Kh7 50. Kf5 Rf7+ 51. Ke4 Rfe7 52. Kf5
Rf8+ 53. Ke4 Ref7 54. Bc5 Ra8 55. e6 Rc7 56. Kd5 Rd8+ 57. Rd6 Rxd6+ 58. Kxd6
Rc8 59. e7 g5 60. Kd7 Rg8 61. Bxa7 Ra8 62. e8=Q Rxe8 63. Kxe8 Kg6 64. a4 h5 65.
a5 h4 66. gxh4 gxh4 67. Bb8 h3 68. a6 Kg7 69. a7 Kg6 70. a8=Q h2 71. Bxh2 Kh6
72. Qg2 Kh7 73. Kf7 Kh6 74. Bf4+ Kh5 75. Qg5# 1-0

[Event "DEM U12/U12w 2013"]
[Site "Oberhof GER"]
[Date "2013.05.20"]
[Round "4"]
[White "Arnhold, Steffi"]
[Black "Kölz, Niklas"]
[Result "0-1"]
[Termination "normal"]
[Board "31"]
[WhiteElo "1273"]
[BlackElo "1629"]
[PlyCount "146"]
[WhiteFideId "12931365"]
[BlackFideId "12971758"]
[EventCountry "GER"]
[EventRounds "11"]
[EventType "swiss"]
[EventDate "2013.05.18"]

1. e4 c5 2. Nf3 e6 3. d4 cxd4 4. Nxd4 a6 5. Nc3 b5 6. a3 Bb7 7. Bd3 Qb6 8. Nb3
Qc7 9. O-O Nf6 10. Kh1 d6 11. f4 Nbd7 12. Bd2 Be7 13. Qe2 O-O 14. Rae1 Rae8 15.
e5 Nd5 16. exd6 Bxd6 17. Nxd5 Bxd5 18. Ba5 Qb8 19. Qg4 f5 20. Qg5 Rf6 21. Re2
Rg6 22. Qh4 Qa8 23. Qh3 Rh6 24. Qg3 Nf6 25. Nd4 Rg6 26. Qh3 Ng4 27. Nf3 Rh6 28.
Qg3 Bxf3 29. Qxf3 Rxh2+ 30. Kg1 Bc5+ 31. Rff2 Bxf2+ 32. Rxf2 Nxf2 33. Qxf2 Rh6
34. c4 Rc8 35. cxb5 Rc1+ 36. Be1 Rg6 37. Bf1 axb5 38. Qd2 Rc7 39. Bxb5 h6 40.
Bf1 Qd5 41. Qa5 Rc2 42. Qxd5 exd5 43. b4 Ra2 44. b5 Rxa3 45. Bf2 Rb3 46. Bd4
Rb4 47. Bc5 Rb3 48. Kf2 Re6 49. g3 Kf7 50. Kg2 Ke8 51. b6 Kd7 52. Kf2 Rb2+ 53.
Kf3 g5 54. fxg5 hxg5 55. Ba6 Kc6 56. Bd4 g4+ 57. Kf4 Re4+ 58. Kxf5 Rxd4 59. Ke5
Re4+ 60. Kf5 Kxb6 61. Bd3 Re3 62. Bf1 Rf2+ 63. Kxg4 Rxf1 64. Kh4 d4 65. g4 d3
66. g5 Rg1 67. Kh5 d2 68. Kg6 d1=Q 69. Kf6 Qf3+ 70. Kg6 Re6+ 71. Kh7 Qh5+ 72.
Kg7 Rxg5+ 73. Kf8 Qf3# 0-1

[Event "DEM U12/U12w 2013"]
[Site "Oberhof GER"]
[Date "2013.05.20"]
[Round "4"]
[White "Köhler, Inken"]
[Black "Walow, Xenia"]
[Result "1-0"]
[Termination "normal"]
[Board "32"]
[WhiteElo "1527"]
[BlackElo "1271"]
[PlyCount "139"]
[WhiteFideId "12929301"]
[BlackFideId "12971839"]
[EventCountry "GER"]
[EventRounds "11"]
[EventType "swiss"]
[EventDate "2013.05.18"]

1. e4 c5 2. d4 cxd4 3. c3 dxc3 4. Nxc3 Nc6 5. Nf3 d6 6. h3 e6 7. Bc4 Be7 8. Qe2
e5 9. O-O Nf6 10. Rd1 Bd7 11. Be3 h6 12. Rac1 Qc7 13. Bb3 O-O 14. Nb5 Qb8 15.
Qd3 Nb4 16. Qd2 Bxb5 17. Qxb4 Be2 18. Rd2 Bxf3 19. gxf3 Re8 20. Qc4 Rf8 21. Qc7
Re8 22. Qxb8 Rexb8 23. Rc7 Kf8 24. Rdc2 Ne8 25. R7c3 a6 26. Bb6 Bd8 27. Bxd8
Rxd8 28. Bd5 Rab8 29. Rb3 Rd7 30. Rb6 Nf6 31. Bc6 Rc7 32. Rc3 Nd7 33. Bxd7 Rxd7
34. Ra3 Rdd8 35. Rab3 Rd7 36. Rxa6 Rdd8 37. Rab6 Rd7 38. a4 Ke8 39. a5 Kd8 40.
Rd3 Kc7 41. Rc3+ Kd8 42. Kf1 f6 43. Ke2 d5 44. exd5 Rxd5 45. Rd3 Rxd3 46. Kxd3
f5 47. Ke3 Kc7 48. Rg6 Rg8 49. f4 e4 50. f3 exf3 51. Kxf3 Rd8 52. Rxg7+ Rd7 53.
Rxd7+ Kxd7 54. Ke3 Kc6 55. Kd4 Kd6 56. b4 Kc6 57. Ke5 Kb5 58. Kxf5 Kxb4 59. Kg6
Kxa5 60. f5 b5 61. f6 Ka4 62. f7 b4 63. f8=Q Ka3 64. Kxh6 Kb3 65. Kg6 Kc3 66.
h4 b3 67. h5 b2 68. Qf6+ Kb3 69. Qxb2+ Kxb2 70. h6 1-0

[Event "DEM U12/U12w 2013"]
[Site "Oberhof GER"]
[Date "2013.05.20"]
[Round "4"]
[White "Böse, Carolin"]
[Black "Petersen, Marcel"]
[Result "0-1"]
[Termination "normal"]
[Board "33"]
[WhiteElo "1263"]
[BlackElo "1582"]
[PlyCount "72"]
[WhiteFideId "12929646"]
[BlackFideId "12935670"]
[EventCountry "GER"]
[EventRounds "11"]
[EventType "swiss"]
[EventDate "2013.05.18"]

1. f4 d5 2. e3 c5 3. Nf3 Nc6 4. b3 Nf6 5. Bb2 e6 6. Bb5 Bd7 7. d3 Bd6 8. Bxc6
Bxc6 9. Ne5 Bxe5 10. Bxe5 h5 11. h3 d4 12. e4 Nd7 13. Bxg7 Qh4+ 14. Kf1 Qxf4+
15. Kg1 Rh7 16. Qf3 Qxf3 17. gxf3 Rxg7+ 18. Kf2 O-O-O 19. Nd2 b5 20. Rhg1 Rdg8
21. h4 Ne5 22. Rxg7 Rxg7 23. Rg1 Rxg1 24. Kxg1 Ng6 25. Kh2 Nxh4 26. Kh3 Ng6 27.
Nf1 e5 28. Ng3 Bd7+ 29. Nf5 Bxf5+ 30. exf5 Nf4+ 31. Kh4 f6 32. Kg3 b4 33. Kh4
Kd7 34. Kg3 Ke7 35. Kh4 Kf7 36. Kg3 Kg7 0-1

[Event "DEM U12/U12w 2013"]
[Site "Oberhof GER"]
[Date "2013.05.20"]
[Round "4"]
[White "Bürmann, Theresia"]
[Black "Forster, Lukas"]
[Result "0-1"]
[Termination "normal"]
[Board "35"]
[WhiteElo "1187"]
[BlackElo "1494"]
[PlyCount "130"]
[WhiteFideId "12960241"]
[BlackFideId "12971790"]
[EventCountry "GER"]
[EventRounds "11"]
[EventType "swiss"]
[EventDate "2013.05.18"]

1. e4 e6 2. d4 d5 3. exd5 exd5 4. Qf3 Nf6 5. Bg5 Be7 6. h3 O-O 7. Bd3 Re8 8.
Ne2 Nc6 9. O-O Nb4 10. Nc1 Ne4 11. Bxe7 Qxe7 12. Re1 Ng5 13. Qe3 Qxe3 14. Rxe3
Rxe3 15. fxe3 Nxd3 16. Nxd3 Bf5 17. Nd2 Ne4 18. Rd1 Re8 19. Nf1 b6 20. c3 a5
21. Nf2 Nd6 22. Kh2 Kf8 23. b3 Ne4 24. Nxe4 Bxe4 25. Kg3 Re6 26. Kh2 Rc6 27.
Rc1 Rf6 28. Nd2 Rf2 29. Nxe4 dxe4 30. b4 Rxa2 31. bxa5 bxa5 32. c4 Re2 33. Rc3
Ke7 34. h4 Rd2 35. c5 Rd3 36. Rc4 c6 37. g3 Ke6 38. Kg2 Rxe3 39. Kf2 Rd3 40. g4
Kd5 41. Ra4 Rxd4 42. Rxa5 e3+ 43. Ke2 Rxg4 44. Ra7 Kxc5 45. Rxf7 Rxh4 46. Rxg7
Rh3 47. Rd7 h5 48. Rd3 h4 49. Rc3+ Kd4 50. Rd3+ Ke4 51. Rd8 Rh2+ 52. Ke1 h3 53.
Re8+ Kd3 54. Rd8+ Kc4 55. Re8 Ra2 56. Rxe3 h2 57. Re4+ Kb5 58. Re5+ c5 59. Re2
h1=Q+ 60. Kf2 Qh2+ 61. Ke3 Qxe2+ 62. Kf4 Ra3 63. Kg5 Rf3 64. Kh4 Qg2 65. Kh5
Rh3# 0-1

[Event "DEM U12/U12w 2013"]
[Site "Oberhof GER"]
[Date "2013.05.20"]
[Round "4"]
[White "Groth, Kevin"]
[Black "Wong, Kar Yan"]
[Result "1-0"]
[Termination "normal"]
[Board "36"]
[WhiteElo "1399"]
[BlackElo "1189"]
[PlyCount "63"]
[WhiteFideId "12971804"]
[BlackFideId "12971855"]
[EventCountry "GER"]
[EventRounds "11"]
[EventType "swiss"]
[EventDate "2013.05.18"]

1. e4 e6 2. d4 d5 3. e5 c5 4. c3 Nc6 5. Nf3 Qb6 6. b3 cxd4 7. cxd4 Nge7 8. Bb2
Nf5 9. Qd3 Be7 10. Be2 f6 11. O-O Bd7 12. Na3 a6 13. Nc2 Rc8 14. Rac1 Qc7 15.
Ne3 Qb8 16. Nxf5 exf5 17. Rfe1 O-O 18. Bd1 Nb4 19. Rxc8 Rxc8 20. Qb1 Nc6 21. e6
Be8 22. Qxf5 Rd8 23. Nh4 Bd6 24. g3 Ne7 25. Qf3 Bb4 26. Bc3 Bxc3 27. Qxc3 Rd6
28. Qc5 Rc6 29. Qxe7 b5 30. Nf5 Rc7 31. Qd6 Qc8 32. Ne7+ 1-0

[Event "DEM U12/U12w 2013"]
[Site "Oberhof GER"]
[Date "2013.05.20"]
[Round "4"]
[White "Watzlawik, Lee David"]
[Black "Reinecke, Katharina"]
[Result "0-1"]
[Termination "normal"]
[Board "37"]
[WhiteElo "1170"]
[BlackElo "1608"]
[PlyCount "98"]
[WhiteFideId "1270474"]
[BlackFideId "12929727"]
[EventCountry "GER"]
[EventRounds "11"]
[EventType "swiss"]
[EventDate "2013.05.18"]

1. c4 e5 2. Nc3 Nf6 3. g3 Bb4 4. Bg2 Nc6 5. e3 d6 6. Nge2 Be6 7. b3 Bg4 8. Bb2
O-O 9. O-O Qd7 10. Re1 Bh3 11. d4 Bxg2 12. Kxg2 Bxc3 13. Bxc3 exd4 14. Nxd4 Ne5
15. Nf3 Rfe8 16. Nxe5 dxe5 17. Qxd7 Nxd7 18. Rad1 Rad8 19. f4 e4 20. Rd2 Nc5
21. Red1 Nd3 22. Bd4 b6 23. c5 b5 24. Be5 c6 25. b4 Rd5 26. Bc3 Red8 27. a3
Ne1+ 28. Kf2 Nd3+ 29. Kg2 Kf8 30. h3 Ke8 31. Kh2 Kf8 32. g4 f6 33. f5 Ke7 34.
Kg3 Rh8 35. Rh2 h5 36. Rdd2 Kf7 37. Bd4 g6 38. fxg6+ Kxg6 39. Rdg2 Ne1 40.
gxh5+ Rhxh5 41. Kf2+ Nxg2 42. Rxg2+ Kf7 43. Rg4 Rxh3 44. Rxe4 Rf5+ 45. Kg2 Rh8
46. Kg3 Rg8+ 47. Kh4 Rf1 48. Kh5 Rh1+ 49. Rh4 Rh8+ 0-1

[Event "DEM U12/U12w 2013"]
[Site "Oberhof GER"]
[Date "2013.05.20"]
[Round "4"]
[White "Christiansen, Sarah"]
[Black "Ehmann, Johanna"]
[Result "0-1"]
[Termination "normal"]
[Board "39"]
[WhiteElo "1014"]
[BlackElo "1350"]
[PlyCount "64"]
[WhiteFideId "12971936"]
[BlackFideId "12953130"]
[EventCountry "GER"]
[EventRounds "11"]
[EventType "swiss"]
[EventDate "2013.05.18"]

1. e4 e5 2. Nf3 Nc6 3. Bc4 Bc5 4. c3 Nf6 5. d4 exd4 6. e5 d5 7. Bb5 Ne4 8. cxd4
Bb4+ 9. Bd2 Bxd2+ 10. Nbxd2 Nxd2 11. Qxd2 Bf5 12. Bxc6+ bxc6 13. Rc1 Bd7 14.
O-O O-O 15. Rfe1 Rb8 16. Rc2 Rb6 17. Ng5 h6 18. e6 Bxe6 19. Nxe6 fxe6 20. Rxe6
Re8 21. Rg6 Qe7 22. Rc1 Rxb2 23. Qc3 Rc2 24. h3 Rxc3 25. Rxc3 Qe1+ 26. Kh2 Qxc3
27. f3 c5 28. Rc6 Qxd4 29. Rxc7 Qe5+ 30. Kg1 Qxc7 31. a4 Qg3 32. a5 Re1# 0-1

[Event "DEM U12/U12w 2013"]
[Site "Oberhof GER"]
[Date "2013.05.20"]
[Round "4"]
[White "Cejda, Cecilia"]
[Black "Schumacher, Ole"]
[Result "1-0"]
[Termination "normal"]
[Board "40"]
[WhiteElo "1335"]
[BlackElo "1120"]
[PlyCount "109"]
[WhiteFideId "12921122"]
[BlackFideId "12971898"]
[EventCountry "GER"]
[EventRounds "11"]
[EventType "swiss"]
[EventDate "2013.05.18"]

1. e4 e6 2. d4 d5 3. e5 c5 4. c3 Nc6 5. Nf3 Qb6 6. Be2 cxd4 7. cxd4 Nge7 8. O-O
Nf5 9. Nc3 Bd7 10. Na4 Qc7 11. Nc3 Bb4 12. a3 Ba5 13. Bb5 Bb6 14. Ne2 O-O 15.
Bf4 Rfd8 16. Bg5 Rdc8 17. Rc1 a6 18. Ba4 Ba7 19. b4 b5 20. Bb3 Qb6 21. Rc5 h6
22. Bc1 a5 23. bxa5 Nxa5 24. Rxc8+ Rxc8 25. Ba2 Nc4 26. h3 Qa6 27. Qb3 Ra8 28.
g4 Ne7 29. Nc3 Bb8 30. Nb1 Nc6 31. Qd3 b4 32. Bxc4 dxc4 33. Qe3 b3 34. Rd1 Ba7
35. Qc3 Ne7 36. Qb4 Nc6 37. Qd6 Qc8 38. a4 Bb8 39. Qa3 Qa6 40. Nc3 Bc7 41. Nb5
Bd8 42. d5 Be7 43. d6 Bd8 44. Nc7 Qxa4 45. Nxa8 Qxa3 46. Bxa3 c3 47. Rd3 Ba5
48. Nc7 Nxe5 49. Nxe5 b2 50. Bxb2 cxb2 51. Rb3 Ba4 52. Rb8+ Kh7 53. Nc4 Bc3 54.
Nxb2 Bxb2 55. Rxb2 1-0

[Event "DEM U12/U12w 2013"]
[Site "Oberhof GER"]
[Date "2013.05.20"]
[Round "4"]
[White "Lohrmann, Tabea"]
[Black "Recktenwald, Cedric"]
[Result "0-1"]
[Termination "normal"]
[Board "42"]
[WhiteElo "1553"]
[BlackElo "1042"]
[PlyCount "102"]
[WhiteFideId "12911941"]
[BlackFideId "12971928"]
[EventCountry "GER"]
[EventRounds "11"]
[EventType "swiss"]
[EventDate "2013.05.18"]

1. e4 e5 2. Nf3 Nc6 3. d4 exd4 4. Bc4 Nf6 5. e5 Ne4 6. Qe2 Bb4+ 7. Bd2 Nxd2 8.
Nbxd2 O-O 9. O-O d5 10. exd6 Qxd6 11. Qd3 Bxd2 12. Qxd2 Bg4 13. Ng5 Ne5 14. Be2
Bxe2 15. Qxe2 Rae8 16. Qe4 Qg6 17. Qf4 h6 18. Nf3 Nxf3+ 19. Qxf3 Qe4 20. Qxe4
Rxe4 21. Rfe1 Rfe8 22. Rxe4 Rxe4 23. Kf1 f5 24. f3 Re7 25. Rd1 c5 26. Re1 Rxe1+
27. Kxe1 Kf7 28. Kd2 Ke6 29. Kd3 Kd5 30. c3 c4+ 31. Kd2 d3 32. b3 b5 33. g3 g5
34. h4 gxh4 35. gxh4 Ke5 36. Ke3 f4+ 37. Kd2 Kf5 38. a4 a6 39. a5 Kg6 40. b4
Kh5 41. Ke1 Kxh4 42. Kf2 h5 43. Ke1 Kg3 44. Kf1 Kxf3 45. Ke1 Kg2 46. Kd2 f3 47.
Ke1 f2+ 48. Kd2 Kf3 49. Kd1 f1=Q+ 50. Kd2 Qe2+ 51. Kc1 Qc2# 0-1

[Event "DEM U12/U12w 2013"]
[Site "Oberhof GER"]
[Date "2013.05.20"]
[Round "4"]
[White "Nguyen, Ha Thanh"]
[Black "Bureik, Nicolas"]
[Result "1/2-1/2"]
[Termination "normal"]
[Board "43"]
[WhiteElo "1570"]
[BlackElo "1183"]
[PlyCount "55"]
[WhiteFideId "12942154"]
[BlackFideId "12971863"]
[EventCountry "GER"]
[EventRounds "11"]
[EventType "swiss"]
[EventDate "2013.05.18"]

1. d4 Nf6 2. e3 g6 3. Bd3 Bg7 4. f4 d5 5. Nf3 Nbd7 6. O-O c5 7. c3 c4 8. Bc2
Ne4 9. Bxe4 dxe4 10. Ne5 Nxe5 11. fxe5 O-O 12. Nd2 Qd5 13. b3 cxb3 14. axb3 f6
15. c4 Qe6 16. exf6 exf6 17. Ba3 Rf7 18. Qc2 f5 19. Bb2 Rc7 20. Qd1 Qb6 21. Qe1
Be6 22. Qf2 a6 23. Qf4 Rd7 24. Bc3 Qd6 25. Qf2 Qe7 26. Ra4 Rb8 27. Bb4 Qd8 28.
Bc3 1/2-1/2

[Event "DEM U12/U12w 2013"]
[Site "Oberhof GER"]
[Date "2013.05.20"]
[Round "4"]
[White "Flach, Helene"]
[Black "Schubert, Lea Sophie"]
[Result "1-0"]
[Termination "normal"]
[Board "44"]
[WhiteElo "1272"]
[BlackElo "816"]
[PlyCount "71"]
[WhiteFideId "12929735"]
[EventCountry "GER"]
[EventRounds "11"]
[EventType "swiss"]
[EventDate "2013.05.18"]

1. e4 e5 2. Nf3 Nc6 3. Bc4 Bc5 4. Nc3 Nf6 5. d3 h6 6. Be3 Bb6 7. Qd2 d6 8. h3
Bd7 9. Qe2 Ne7 10. O-O-O O-O 11. d4 exd4 12. Nxd4 c5 13. Nf3 Ba5 14. Bd2 Re8
15. Rhe1 Nc6 16. Qd3 Qb8 17. Nd5 Bxd2+ 18. Nxd2 Nxd5 19. Bxd5 Nb4 20. Qb3 Nxd5
21. Qxd5 Be6 22. Qd3 Bxa2 23. b3 Qc7 24. Qb5 Qc6 25. Qa5 Bxb3 26. cxb3 Re5 27.
Qc3 Rae8 28. f3 f5 29. Nc4 R5e7 30. Nxd6 Rd8 31. Nxf5 Rxd1+ 32. Rxd1 Rc7 33.
Qa5 b6 34. Qd2 Qf6 35. Qd8+ Qxd8 36. Rxd8+ 1-0

[Event "DEM U12/U12w 2013"]
[Site "Oberhof GER"]
[Date "2013.05.20"]
[Round "4"]
[White "Merker, Vivien"]
[Black "Schulze, Nick"]
[Result "1-0"]
[Termination "normal"]
[Board "45"]
[WhiteElo "1255"]
[BlackElo "1257"]
[PlyCount "123"]
[WhiteFideId "12927260"]
[BlackFideId "12971847"]
[EventCountry "GER"]
[EventRounds "11"]
[EventType "swiss"]
[EventDate "2013.05.18"]

1. e4 c5 2. Nf3 e6 3. d4 cxd4 4. Nxd4 Nc6 5. c4 Nf6 6. Nc3 b6 7. Nxc6 dxc6 8.
Qxd8+ Kxd8 9. Bd3 Bb7 10. O-O h5 11. Bg5 Kc8 12. Rad1 Nd7 13. Rfe1 f6 14. Be3
Bd6 15. a3 g5 16. b4 h4 17. f3 h3 18. g3 Kc7 19. Rf1 Rag8 20. f4 gxf4 21. Bxf4
Bxf4 22. Rxf4 e5 23. Rff1 a6 24. b5 cxb5 25. cxb5 a5 26. Bc4 Rg7 27. Be6 Nc5
28. Bd5 Bxd5 29. Nxd5+ Kb7 30. Nxf6 Rf8 31. Nh5 Rxf1+ 32. Rxf1 Rd7 33. Nf6 Rd3
34. g4 Ne6 35. Rf5 Nd4 36. Rf2 Rd1+ 37. Rf1 Ne2+ 38. Kf2 Rxf1+ 39. Kxf1 Nf4 40.
g5 Ng6 41. Kf2 Kc8 42. a4 Kd8 43. Kg3 Ke7 44. Kxh3 Nf4+ 45. Kg4 Ne6 46. h4 Ng7
47. h5 Kf7 48. h6 Kf8 49. h7 Kf7 50. h8=Q Ke6 51. Qxg7 Kd6 52. Ne8+ Kc5 53.
Qxe5+ Kc4 54. Nd6+ Kb4 55. Qd4+ Ka3 56. Kf3 Kb3 57. Ke2 Ka3 58. Kd2 Kb3 59.
Qc4+ Ka3 60. Qc3+ Ka2 61. Nc4 Kb1 62. Qb2# 1-0